Girl On Fire - Alicia Keys - All Lyrics - Statistics

General Stats
  • This quiz has been taken 301 times
  • The average score is 205 of 258
Answer Stats
Answer % Correct
fire
99%
(Fire,
99%
fire)
99%
girl
99%
girl,
99%
on
99%
she
97%
is
96%
She's
96%
she's
96%
She’s
96%
a
95%
This
95%
and
94%
(Oh)
93%
oh,
93%
oh
93%
Oh-oh,
93%
and
92%
And
92%
just
91%
in
87%
the
86%
walkin'
84%
it
82%
down
80%
her
78%
not
77%
burn
76%
burn,
76%
got
76%
it's
76%
world
76%
But
72%
but
72%
livin'
71%
can
70%
like
70%
ground
68%
clouds
67%
head
67%
burnin'
66%
feet
66%
fantasy
65%
flame
65%
You
65%
Lonely
63%
lonely
63%
So
63%
that
63%
eyes
62%
of
62%
than
62%
look
59%
your
58%
away
56%
top
56%
baby,
54%
baby
54%
Hotter
54%
knows
54%
way
54%
never
53%
we
53%
backin'
52%
both
52%
fly
52%
highway
52%
comin'
50%
gon'
50%
other
50%
see
50%
let
49%
say
48%
you'll
48%
Better
47%
bright,
47%
try,
47%
Looks
46%
we're
46%
girls,
45%
that's
45%
forget
44%
they
44%
name
43%
as
42%
Everybody
41%
Hottest
41%
hottest
41%
our
41%
by
40%
up
37%
when
36%
'Cause
35%
Nobody
35%
night
34%
goes
33%
Watch
33%
catastrophe
31%
lightin'
29%
stares
28%
with
28%
Filled
18%
No matching quizzes found
Score Distribution
Percent of People with Each Score
Percentile by Number Answered
Your Score History
You have not taken this quiz